Responses for show #3940 - Friday, October 19, 2001

Contestants

Lesley Marshall, a fundraising consultant from Toronto, Canada

Kevin F. Sherry, a newspaper reporter from Ventura, California

Ulhas Rajurkar, a human resources specialist from Lorton, Virginia (whose 2-day cash winnings total $23,799)

Jeopardy! Round responses

U.K. DEPENDENCIES
BOBBING FOR BOBS
ART ATTACK
ACTORS & THEIR FILMS
MISSING LINKS
LAST BUT NOT LEAST
    $100 16
(Lesley: What are the Bahamas?)

Bermuda

Lesley
Triple Stumper
    $100 1
Bob Guccione

Kevin
    $100 6
Michelangelo

Kevin
    $100 11
Mr. Ripley

Ulhas
    $100 21
(Alex: Minute to go.)

Ready

Ulhas
    $100 26
guillotine

Kevin
    $200 17
British Virgin Islands

Lesley
    $200 2
Bobby Riggs

Ulhas
    $200 7
Jackson Pollock

Ulhas
    $200 12
Space Cowboys

Triple Stumper
    $200 22
Rain

Ulhas
    $200 27
the Grateful Dead

Kevin
    $500 18
(Lesley: What is South Anerica?)

Antarctica

Lesley
    $300 3
Bobby McFerrin

Kevin
    $300 8
Rembrandt

Ulhas
    $300 13
(Ulhas: What is "Strangers on a Train?")

The Third Man

Ulhas
Triple Stumper
    $300 23
Devil

Kevin
    $300 28
Playboy Clubs

Triple Stumper
    $400 19
volcano

Kevin
    $400 4
Bob Geldof

Lesley
    $400 9
it was upside down

Kevin
    $400 14
Julia Roberts

Kevin
    $400 24
Harry

Kevin
    $400 29
[buzzer sounds to end the round]

KGB

Kevin
    $500 20
(Ulhas: What is Elba?)

St. Helena

UlhasLesley
    $500 5
Bob Hoskins

Ulhas
    $500 10
(Lesley: Who is...um..[time]?)

Pablo Picasso

Lesley
Triple Stumper
    $500 15
Dune

Ulhas
    $500 25
Ezra

Kevin

Scores at the first commercial break (after clue 14):

Ulhas Kevin Lesley
$1,000 $1,300 -$100

Scores at the end of the Jeopardy! Round:

Ulhas Kevin Lesley
$1,300 $3,600 $0

Double Jeopardy! Round responses

AMERICAN HISTORIC EVENTS
EVERYBODY LOVES RAY BRADBURY
I'M IN CHARGE!
(Alex: We'll name the leader, you name the country.)
THE ANIMAL KINGDOM
TAXI
"CAB"
    $200 13
last solo American to go into space

Triple Stumper
    $200 25
tattoos

Kevin
    $200 8
Japan

Lesley
    $200 1
(Ulhas: What is a snake?)
(Alex: Be more specfic.)

python

Ulhas
    $200 20
Judd Hirsch

Kevin
    $200 2
vocabulary

Ulhas
    $400 16
(Ulhas: What is blackout?)
(Lesley: What is a fire?)

Blizzard

UlhasLesley
Triple Stumper
    $400 27
Illinois

Kevin
    $400 9
Italy

Kevin
    $400 7
emu

Ulhas
    $400 21
Tony Danza

Ulhas
    $400 3
the cabinet

Ulhas
    $1,000 17
Edenton Tea Party

Ulhas
    $1,500 28
[buzzer sounds to end the round]

Fahrenheit 451

Kevin
    $600 10
Poland

Kevin
    $600 14
arachnids

Kevin
    $600 22
Andy Kaufman

Ulhas
    $600 4
Macabre

Kevin
    $800 18
Alexander Haig

Ulhas
    $800 11
Spain

Lesley
    $800 15
cheetah

Ulhas
    $800 23
(Alex; We have a minute to go, Ulhas.)

Christopher Lloyd

Triple Stumper
    $800 5
Cab Calloway

Ulhas
    $1000 19
"Big Bill" Haywood

Triple Stumper
    $1000 12
the Philippines

Lesley
    $1000 26
(Lesley: What is autumn?)
(Alex: Good time -- it's cold, you want to stay warm!)

winter

Lesley
Triple Stumper
    $1000 24
Marilu Henner

Ulhas
    $1000 6
Cabriolet

Lesley

Scores at the end of the Double Jeopardy! Round:

Ulhas Kevin Lesley
$7,500 $8,100 $1,600

[wagering suggestions for these scores]

Final Jeopardy! Round responses

MAJOR LEAGUE BASEBALL TEAM NAMES
(Alex: Ulhas, you get to rest for a couple of weeks; our Tournament of Champions starts next week; $100,000 & 15 of the best players from the past season; be sure to join us for that!)
LesleyWhat are the Pittsburg Pirates Hi Kate!
$1,600
UlhasWhat is Red Sox?
$2,500
KevinWhat is the Dodgers?
$7,000
Pittsburgh Pirates

Final scores:

Ulhas Kevin Lesley
$5,000 $1,100 $3,200
3-day champion: $28,799 3rd place: Trip to La Quinta Resort & Club, Palm Springs, California 2nd place: Trip to Thailand

Game dynamics:

Coryat scores:

Ulhas Kevin Lesley
$7,100 $7,200 $2,100
19 R
(including 1 DD),
3 W
20 R
(including 1 DD),
0 W
7 R,
5 W
(including 1 DD)

Combined Coryat: $16,400

The J! Archive is created by fans, for fans. The Jeopardy! game show and all elements thereof, including but not limited to copyright and trademark thereto, are the property of Jeopardy Productions, Inc. and are protected under law. This website is not affiliated with, sponsored by, or operated by Jeopardy Productions, Inc. Join the discussion at JBoard.tv.